| 000 | 00511cam a2200193ua 4500 | ||
|---|---|---|---|
| 001 | 5905 | ||
| 005 | 20260515113942.0 | ||
| 008 | 131026n ii |||gr||||Z||||||asm | ||
| 040 | _cMAIN | ||
| 082 | _a909 | ||
| 100 | 1 |
_aGoswami,Nabin Chandra, _eAuthor. |
|
| 245 | 1 | 1 |
_aBiswa Itihasar Rengani _cby Nabin Chandra Goswami |
| 250 | _b1st ed. | ||
| 260 |
_aDibrugarh: _bPathyaputhy Prostuti Samanay Samity, _c1972. |
||
| 300 | _a189p. | ||
| 653 | _aWorld history | ||
| 653 | _aBishwa Itihasar Rengani | ||
| 942 | _cBK | ||
| 999 |
_c5054 _d5054 |
||